[Event "VIE-ch"]
[Site "Vung Tau"]
[Date "2023.03.04"]
[Round "3"]
[White "Nguyen, Hoang Nam"]
[Black "Dang, Hoang Son"]
[Result "0-1"]
[WhiteElo "2131"]
[BlackElo "2360"]
[PlyCount "86"]
[EventDate "2023.03.03"]
[EventType "swiss"]
[EventRounds "9"]
[EventCountry "VIE"]
[SourceTitle "EXT 2024"]
[Source "ChessBase"]
[SourceDate "2023.10.10"]
[SourceVersion "1"]
[SourceVersionDate "2023.10.10"]
[SourceQuality "1"]

1. c4 e5 2. Nc3 Nf6 3. Nf3 Nc6 4. g3 Bc5 5. Nxe5 Nxe5 6. d4 Qe7 7. dxe5 Ng4 8. Ne4 Nxe5 9. Bg2 Bb4+ 10. Nc3 0-0 11. Bd2 Nxc4 12. Nd5 Bxd2+ 13. Qxd2 Qc5 14. Rc1 c6 15. b3 cxd5 16. bxc4 dxc4 17. Bd5 Qe7 18. Rxc4 d6 19. 0-0 Be6 20. Rd4 Rfd8 21. Rd1 Rac8 22. Bf3 g6 23. h4 b6 24. h5 Rc4 25. Rd3 gxh5 26. Bxh5 Kg7 27. Qb2+ Qf6 28. Qa3 Rc5 29. Bf3 Ra5 30. Qb4 Rxa2 31. Rxd6 Rxd6 32. Rxd6 Rb2 33. Qe4 a5 34. Qd3 Bf5 35. Qd5 Be6 36. Qd1 Qe5 37. Kg2 b5 38. Ra6 a4 39. Ra8 Qf6 40. Qc1 Qe5 41. Qa1 Bd5 42. Bxd5 Qxd5+ 43. Kg1 Qa2 0-1

[Event "VIE-ch op"]
[Site "Hanoi"]
[Date "2020.11.24"]
[Round "3"]
[White "Nguyen, Hoang Nam"]
[Black "Nguyen, Lam Thien"]
[Result "1/2-1/2"]
[WhiteElo "2333"]
[BlackElo "2325"]
[PlyCount "97"]
[EventDate "2020.11.23"]
[EventType "swiss"]
[EventRounds "9"]
[EventCountry "VIE"]
[SourceTitle "CBM 199 Extra"]
[Source "ChessBase"]
[SourceDate "2021.01.31"]
[SourceVersion "1"]
[SourceVersionDate "2021.01.31"]
[SourceQuality "1"]

1. d4 d5 2. c4 e6 3. Nc3 Nf6 4. Bg5 Be7 5. e3 Nbd7 6. Nf3 0-0 7. Rc1 h6 8. Bh4 c5 9. cxd5 Nxd5 10. Bxe7 Nxe7 11. g4 cxd4 12. Nxd4 Nf6 13. h3 Bd7 14. Bg2 Rb8 15. b4 Qb6 16. Qb3 Ng6 17. Nf3 Bc6 18. Na4 Qb5 19. Nc5 Bd5 20. Qb1 a5 21. a3 axb4 22. Nd4 Qa5 23. axb4 Qd8 24. Ne4 Nh4 25. Nxf6+ gxf6 26. Bxd5 Qxd5 27. Ke2 Rfc8 28. Qb3 Qd7 29. Rhd1 Rxc1 30. Rxc1 Rd8 31. Qc4 e5 32. Nf3 Nxf3 33. Kxf3 Kg7 34. Qe4 Qb5 35. Qc4 Qd7 36. Kg3 Qd2 37. Rc2 Qd1 38. Qe4 Rd7 39. Rc8 Qg1+ 40. Qg2 Qb1 41. Rc4 Qe1 42. Qe4 Rd2 43. Qf3 Rb2 44. Rc7 Qg1+ 45. Kh4 Qxf2+ 46. Qxf2 Rxf2 47. Kg3 Re2 48. Kf3 Rh2 49. Kg3 1/2-1/2

[Event "VIE Cup"]
[Site "Bac Giang"]
[Date "2018.06.02"]
[Round "6"]
[White "Nguyen, Hoang Nam"]
[Black "Pham, Chuong"]
[Result "0-1"]
[WhiteElo "2177"]
[BlackElo "2397"]
[PlyCount "56"]
[EventDate "2018.05.30"]
[EventType "swiss"]
[EventRounds "9"]
[EventCountry "VIE"]
[SourceTitle "CBM 184 Extra"]
[Source "ChessBase"]
[SourceDate "2018.06.28"]
[SourceVersion "1"]
[SourceVersionDate "2018.06.28"]
[SourceQuality "1"]

1. e4 c5 2. Nf3 Nc6 3. Bb5 e6 4. 0-0 Nge7 5. b3 Ng6 6. Bb2 f6 7. Re1 Be7 8. d4 cxd4 9. Nxd4 0-0 10. Bf1 Nxd4 11. Qxd4 b6 12. Na3 Bc5 13. Qd2 Qe7 14. Nc4 f5 15. e5 f4 16. a3 Nh4 17. b4 Qg5 18. Kh1 Bb7 19. f3 Nxf3 20. Qxd7 Qh4 21. Qxe6+ Kh8 22. gxf3 Bxf3+ 23. Bg2 Bxg2+ 24. Kxg2 Qf2+ 25. Kh3 Qf3+ 26. Kh4 Bf2+ 27. Kg5 h6+ 28. Kg6 Qg2+ 0-1

[Event "VIE Cup"]
[Site "Bac Giang"]
[Date "2018.05.31"]
[Round "2"]
[White "Bui, Dang Loc"]
[Black "Nguyen, Hoang Nam"]
[Result "0-1"]
[WhiteElo "1650"]
[BlackElo "2177"]
[PlyCount "70"]
[EventDate "2018.05.30"]
[EventType "swiss"]
[EventRounds "9"]
[EventCountry "VIE"]
[SourceTitle "CBM 184 Extra"]
[Source "ChessBase"]
[SourceDate "2018.06.28"]
[SourceVersion "1"]
[SourceVersionDate "2018.06.28"]
[SourceQuality "1"]

1. d4 Nf6 2. c4 e6 3. Nf3 c5 4. d5 exd5 5. cxd5 d6 6. g3 g6 7. Bg2 Bg7 8. 0-0 0-0 9. Nc3 Re8 10. Nd2 a6 11. a4 Nbd7 12. a5 b5 13. axb6 Nxb6 14. e4 Rb8 15. Qc2 Ng4 16. Na4 Nxa4 17. Rxa4 Bd7 18. Ra3 Bb5 19. Nc4 Bd4 20. h3 Nf6 21. Re1 Nxd5 22. Ne3 Nb4 23. Qb1 h5 24. g4 Qh4 25. gxh5 Qxh5 26. Ng4 Qh4 27. Rf3 f5 28. Nh6+ Kh7 29. Nxf5 gxf5 30. Rxf5 Bd3 31. Qa1 Rg8 32. Qa5 Rxg2+ 33. Kxg2 Rg8+ 34. Kh2 Be5+ 35. Rxe5 Qxf2+ 0-1

[Event "VIE-chT"]
[Site "Ho Chi Minh City"]
[Date "2017.07.26"]
[Round "4.11"]
[White "Nguyen, Quoc Hy"]
[Black "Nguyen, Hoang Nam"]
[Result "1-0"]
[WhiteElo "1865"]
[BlackElo "2257"]
[PlyCount "82"]
[EventDate "2017.07.24"]
[EventType "team-swiss"]
[EventRounds "9"]
[EventCountry "VIE"]
[SourceTitle "EXT 2019"]
[Source "ChessBase"]
[SourceDate "2018.10.10"]
[SourceVersion "1"]
[SourceVersionDate "2018.10.10"]
[SourceQuality "1"]

1. f4 d5 2. Nf3 Nf6 3. e3 Bg4 4. b3 e6 5. Bb2 Bd6 6. Be2 Nbd7 7. 0-0 0-0 8. Ne5 Bxe2 9. Qxe2 c5 10. d3 Qc7 11. Nxd7 Nxd7 12. Nd2 e5 13. e4 exf4 14. exd5 Rae8 15. Qf2 Be5 16. Bxe5 Qxe5 17. c4 g5 18. Rae1 Qg7 19. Ne4 b6 20. Nd6 Re5 21. d4 Rxe1 22. Rxe1 Qg6 23. Ne8 f6 24. Qe2 Kh8 25. Qe7 Rf7 26. Qd8 Qd3 27. Nd6+ Rf8 28. Qxd7 Qxd4+ 29. Kh1 f3 30. gxf3 Qf2 31. Qe6 Qxf3+ 32. Kg1 f5 33. Qe5+ Kg8 34. Qg3 Qh5 35. Qe3 f4 36. Qe6+ Kh8 37. Ne8 Rf7 38. Nf6 Qh4 39. Qc8+ Kg7 40. Ne8+ Kg8 41. Nd6+ Kg7 1-0

[Event "VIE-chT"]
[Site "Ho Chi Minh City"]
[Date "2017.07.25"]
[Round "3.3"]
[White "Nguyen, Hoang Nam"]
[Black "Nguyen, Huynh Minh Huy"]
[Result "0-1"]
[WhiteElo "2257"]
[BlackElo "2462"]
[PlyCount "118"]
[EventDate "2017.07.24"]
[EventType "team-swiss"]
[EventRounds "9"]
[EventCountry "VIE"]
[SourceTitle "EXT 2019"]
[Source "ChessBase"]
[SourceDate "2018.10.10"]
[SourceVersion "1"]
[SourceVersionDate "2018.10.10"]
[SourceQuality "1"]

1. e4 c5 2. c3 d5 3. exd5 Qxd5 4. d4 g6 5. Nf3 Bg7 6. Na3 cxd4 7. Nb5 Na6 8. Nbxd4 Nc7 9. Be3 a6 10. Qb3 Qxb3 11. Nxb3 Nf6 12. 0-0-0 0-0 13. Na5 Re8 14. c4 Ne6 15. h3 Nd7 16. Bd3 Nec5 17. Bc2 b6 18. b4 Ne6 19. Be4 Ra7 20. Bc6 Nec5 21. bxc5 bxa5 22. Ba4 Rc7 23. c6 Nb8 24. Bb6 Rxc6 25. Bxc6 Nxc6 26. Rhe1 Be6 27. Nd4 Bxd4 28. Bxd4 Bxc4 29. a3 Rc8 30. Bc3 f6 31. Rd2 Kf7 32. f4 Be6 33. Kb1 a4 34. Re3 Rb8+ 35. Rb2 Bb3 36. Ka1 Rb5 37. Rd2 Bd5 38. g4 Rc5 39. Rd1 Bb3 40. Rd7 Ke8 41. Rb7 Kd8 42. Rb6 Kc7 43. Rxc6+ Kxc6 44. Kb2 Kd7 45. Bb4 Rc2+ 46. Kb1 e6 47. Rd3+ Ke8 48. Rc3 Rf2 49. Rc7 h5 50. f5 exf5 51. gxh5 gxh5 52. Re7+ Kd8 53. Rh7 f4 54. Rxh5 f3 55. Bc5 Re2 56. Bb6+ Kd7 57. Rc5 f2 58. Rc1 Ba2+ 59. Ka1 Re1 0-1

[Event "VIE-chT"]
[Site "Ho Chi Minh City"]
[Date "2017.07.24"]
[Round "2.18"]
[White "Vu, Thi Dieu Uyen"]
[Black "Nguyen, Hoang Nam"]
[Result "0-1"]
[WhiteElo "1691"]
[BlackElo "2257"]
[PlyCount "70"]
[EventDate "2017.07.24"]
[EventType "team-swiss"]
[EventRounds "9"]
[EventCountry "VIE"]
[SourceTitle "EXT 2019"]
[Source "ChessBase"]
[SourceDate "2018.10.10"]
[SourceVersion "1"]
[SourceVersionDate "2018.10.10"]
[SourceQuality "1"]

1. d4 Nf6 2. Bf4 g6 3. e3 Bg7 4. Nf3 0-0 5. Be2 d6 6. 0-0 Nh5 7. Bg3 Nxg3 8. hxg3 c5 9. Nbd2 cxd4 10. exd4 e5 11. dxe5 dxe5 12. c3 Nc6 13. Ne4 Qe7 14. Bc4 Rd8 15. Qa4 Bd7 16. Nfg5 Be8 17. a3 h6 18. Nf3 Kh7 19. g4 Rac8 20. Qc2 a6 21. a4 Nb4 22. Qb3 Nd3 23. Rad1 Rxc4 24. Qxc4 Nxb2 25. Qe2 Nxd1 26. Rxd1 Bxa4 27. Rxd8 Qxd8 28. Qa2 Bc6 29. Nfd2 Qd5 30. c4 Qd4 31. Qc2 a5 32. g5 hxg5 33. Nxg5+ Kg8 34. Ndf3 Qg4 35. Qd3 Bf6 0-1

[Event "VIE-ch"]
[Site "Bac Giang"]
[Date "2016.06.24"]
[Round "5"]
[White "Nguyen, Hoang Nam"]
[Black "Nguyen, Phuoc Tam"]
[Result "1-0"]
[WhiteElo "2218"]
[BlackElo "2045"]
[PlyCount "119"]
[EventDate "2016.06.22"]
[EventType "swiss"]
[EventRounds "9"]
[EventCountry "VIE"]
[SourceTitle "EXT 2017"]
[Source "ChessBase"]
[SourceDate "2016.10.25"]
[SourceVersion "1"]
[SourceVersionDate "2016.10.25"]
[SourceQuality "1"]

1. Nf3 Nf6 2. c4 e6 3. b3 d5 4. Bb2 Be7 5. g3 b6 6. cxd5 exd5 7. Bg2 0-0 8. 0-0 Bb7 9. Na3 Nbd7 10. Rc1 Ne4 11. Rc2 Nd6 12. Qa1 Bf6 13. Rfc1 c5 14. d4 Ne4 15. Ne1 Re8 16. Nd3 a6 17. dxc5 Bxb2 18. Qxb2 Nexc5 19. Nxc5 Nxc5 20. b4 Ne6 21. Rd1 Qg5 22. Nc4 dxc4 23. Bxb7 Ra7 24. Bc6 Rc8 25. Rxc4 Rac7 26. Rdc1 b5 27. R4c2 Nf4 28. Bf3 Rxc2 29. Rxc2 Rd8 30. Qc1 Qg6 31. Rc8 Ne6 32. Rc6 Qf5 33. Rxa6 g6 34. Ra8 Rxa8 35. Bxa8 Qe5 36. Qd2 h5 37. h4 Nd4 38. Bf3 Qd6 39. Kg2 Qf6 40. Qc3 Qd6 41. Qc5 Qf6 42. Qd5 Kg7 43. Qc5 Kh7 44. Qc3 Qe5 45. Qd2 Qf6 46. Qd1 Kg7 47. a4 bxa4 48. Qxa4 Qe5 49. Qa5 Qf6 50. Qc5 Ne6 51. Qc4 Nd4 52. b5 Qb6 53. Bc6 Qa7 54. e3 Nf5 55. Be4 Nd6 56. Qc6 Qe7 57. Bf3 Nf5 58. b6 Qb4 59. b7 Qb2 60. Qe8 1-0

[Event "VIE-ch"]
[Site "Vietnam"]
[Date "2016.04.27"]
[Round "1"]
[White "Tran, Tuan Minh"]
[Black "Nguyen, Hoang Nam"]
[Result "1-0"]
[WhiteElo "2471"]
[BlackElo "2257"]
[PlyCount "87"]
[EventDate "2016.04.27"]
[EventType "swiss"]
[EventRounds "9"]
[EventCountry "VIE"]
[SourceTitle "CBM 172 Extra"]
[Source "ChessBase"]
[SourceDate "2016.06.21"]
[SourceVersion "1"]
[SourceVersionDate "2016.06.21"]
[SourceQuality "1"]

1. d4 d6 2. e4 Nf6 3. Nc3 e5 4. dxe5 dxe5 5. Qxd8+ Kxd8 6. Bg5 Bd6 7. 0-0-0 Ke8 8. Bxf6 gxf6 9. Nb5 Ke7 10. Bc4 Na6 11. Nxd6 cxd6 12. Ne2 f5 13. Bxa6 bxa6 14. exf5 Bxf5 15. c4 Rhg8 16. Rhg1 Rac8 17. b3 Be4 18. Ng3 Bg6 19. Rd2 Rc6 20. Kb2 h5 21. Re1 Bh7 22. f4 h4 23. Nf1 Ke6 24. Ne3 Be4 25. Nd5 f5 26. Ree2 Rc5 27. Nc3 Bc6 28. Nd1 a5 29. Nf2 Rxg2 30. Nd3 Rxe2 31. Nxc5+ dxc5 32. Rxe2 Be4 33. Rf2 h3 34. Kc3 Kf6 35. Kd2 exf4 36. Rxf4 Kg5 37. Ke3 Bc6 38. Rf1 a4 39. Rg1+ Kf6 40. Kf4 axb3 41. axb3 Be4 42. Rg3 Bg2 43. Rg5 Be4 44. Rh5 1-0

[Event "VIE-ch"]
[Site "Hanoi"]
[Date "2014.10.19"]
[Round "3"]
[White "Nguyen, Hoang Nam"]
[Black "Hoang, Canh Huan"]
[Result "0-1"]
[WhiteElo "2263"]
[BlackElo "2348"]
[PlyCount "82"]
[EventDate "2014.10.18"]
[EventType "swiss"]
[EventRounds "9"]
[EventCountry "VIE"]
[SourceTitle "EXT 2015"]
[Source "ChessBase"]
[SourceDate "2014.11.20"]
[SourceVersion "1"]
[SourceVersionDate "2014.11.20"]
[SourceQuality "1"]

1. d4 d5 2. c4 c6 3. Nf3 Nf6 4. Nc3 e6 5. cxd5 exd5 6. Bg5 Be7 7. Qc2 g6 8. e3 Bf5 9. Bd3 Bxd3 10. Qxd3 Nbd7 11. 0-0 0-0 12. Rab1 a5 13. Rfc1 Re8 14. Na4 Ne4 15. Bxe7 Qxe7 16. Nd2 f5 17. Nf3 Rf8 18. Nc3 g5 19. Ne2 Rf6 20. Nd2 Raf8 21. Nf1 Re6 22. Rc2 Ndf6 23. Neg3 f4 24. Nf5 Qe8 25. exf4 Nh5 26. N1e3 Nxf4 27. Qa3 Qd8 28. Rd1 h5 29. b4 axb4 30. Qxb4 Rf7 31. a4 g4 32. a5 Qg5 33. Ng3 Qh4 34. Nxe4 Rxe4 35. a6 bxa6 36. Rxc6 Rxe3 37. Rc8+ Kg7 38. Qb8 Nh3+ 39. Kh1 Nxf2+ 40. Kg1 Qf6 41. Rb1 Nh3+ 0-1

[Event "VIE-ch op"]
[Site "Ho Chi Minh City"]
[Date "2013.11.20"]
[Round "3"]
[White "Nguyen, Hoang Nam"]
[Black "Vo, Thanh Ninh"]
[Result "0-1"]
[WhiteElo "2279"]
[BlackElo "2294"]
[PlyCount "88"]
[EventDate "2013.11.19"]
[EventType "swiss"]
[EventRounds "9"]
[EventCountry "VIE"]
[SourceTitle "CBM 157 Extra"]
[Source "ChessBase"]
[SourceDate "2013.12.19"]
[SourceVersion "1"]
[SourceVersionDate "2013.12.19"]
[SourceQuality "1"]

1. d4 Nf6 2. c4 e6 3. Nc3 Bb4 4. Qc2 d5 5. a3 Bxc3+ 6. Qxc3 Ne4 7. Qc2 c5 8. cxd5 exd5 9. dxc5 Bf5 10. Nf3 0-0 11. Qd1 Nxc5 12. b4 Ne4 13. Bb2 Nc6 14. e3 Bg4 15. Be2 Bxf3 16. Bxf3 Re8 17. 0-0 Qg5 18. g3 Ne5 19. Bg2 Nc4 20. Bd4 a5 21. b5 a4 22. Ra2 Ra5 23. h4 Qe7 24. Qg4 f6 25. b6 Rb5 26. Rc1 Qe6 27. Qd1 Rb3 28. Rb1 Rxb1 29. Qxb1 f5 30. Qb4 Ra8 31. Rc2 Kf7 32. Bf1 Rc8 33. Bxc4 Rxc4 34. Rxc4 dxc4 35. Qxa4 Nd2 36. Qd1 Ne4 37. a4 g6 38. a5 Qc6 39. Qc2 Ke7 40. Qb2 Qa4 41. f3 Qd1+ 42. Kg2 Nd2 43. Bc5+ Kf7 44. e4 Qf1+ 0-1

[Event "VIE-ch op"]
[Site "Ho Chi Minh City"]
[Date "2013.11.19"]
[Round "2"]
[White "Pham, Chuong"]
[Black "Nguyen, Hoang Nam"]
[Result "1/2-1/2"]
[WhiteElo "2344"]
[BlackElo "2279"]
[PlyCount "109"]
[EventDate "2013.11.19"]
[EventType "swiss"]
[EventRounds "9"]
[EventCountry "VIE"]
[SourceTitle "CBM 157 Extra"]
[Source "ChessBase"]
[SourceDate "2013.12.19"]
[SourceVersion "1"]
[SourceVersionDate "2013.12.19"]
[SourceQuality "1"]

1. d4 Nf6 2. c4 e6 3. g3 d5 4. Bg2 dxc4 5. Nf3 b5 6. a4 c6 7. axb5 cxb5 8. Nc3 Bb4 9. Nd2 Bxc3 10. Bxa8 Bxd4 11. Nf3 Bc5 12. Qxd8+ Kxd8 13. Ne5 Ke7 14. 0-0 Rd8 15. Bf4 Nfd7 16. Rfd1 f6 17. Nxd7 Nxd7 18. Bc6 e5 19. Bd2 a6 20. Ba5 Nb6 21. e3 Rd6 22. Be4 Na4 23. Rxd6 Bxd6 24. Rb1 f5 25. Bc2 Nc5 26. Kf1 Nb7 27. Be1 b4 28. Ra1 a5 29. Ba4 Bc7 30. Bc6 Nc5 31. Bb5 Be6 32. Rc1 Nd3 33. Rc2 b3 34. Rxc4 Bxc4 35. Bxc4 Nxb2 36. Bxb3 a4 37. Bc2 a3 38. Bc3 g6 39. Bxb2 axb2 40. e4 f4 41. Ke2 Bb6 42. h3 Bd4 43. g4 Bxf2 44. Kxf2 Kd6 45. Ke2 Kc5 46. Kd3 Kb4 47. g5 Ka3 48. Bb1 Kb3 49. Kd2 Kc4 50. Bd3+ Kd4 51. Bc2 Kc4 52. Bd3+ Kb3 53. Bb1 Kc4 54. Bd3+ Kd4 55. Bc2 1/2-1/2

[Event "VIE-chT"]
[Site "Ho Chi Minh City"]
[Date "2013.08.14"]
[Round "1"]
[White "Truong, Anh Kiet"]
[Black "Nguyen, Hoang Nam"]
[Result "0-1"]
[WhiteElo "1764"]
[BlackElo "2290"]
[PlyCount "128"]
[EventDate "2013.08.14"]
[EventType "team-swiss"]
[EventRounds "11"]
[EventCountry "VIE"]
[SourceTitle "CBM 156 Extra"]
[Source "ChessBase"]
[SourceDate "2013.10.22"]
[SourceVersion "1"]
[SourceVersionDate "2013.10.22"]
[SourceQuality "1"]

1. e4 e5 2. Nf3 Nc6 3. Bb5 a6 4. Ba4 Nf6 5. 0-0 Be7 6. Re1 b5 7. Bb3 d6 8. c3 0-0 9. h3 Nb8 10. d4 Nbd7 11. Bc2 Bb7 12. Nbd2 Re8 13. Nf1 Bf8 14. Ng3 g6 15. b3 d5 16. dxe5 dxe4 17. Ng5 Nxe5 18. N5xe4 Nxe4 19. Nxe4 Qxd1 20. Rxd1 Ng4 21. Ng3 Nf6 22. Bb2 Bd6 23. Re1 Be5 24. a3 c5 25. Rad1 b4 26. Rxe5 Rxe5 27. cxb4 Rd5 28. Bxf6 Rxd1+ 29. Bxd1 cxb4 30. axb4 Rc8 31. Bf3 Rc1+ 32. Kh2 Bxf3 33. gxf3 Rb1 34. Be7 Rxb3 35. Kg2 f5 36. Ne2 Kf7 37. Nd4 Rc3 38. Bd6 Ke8 39. Ne2 Rc4 40. Kg3 Kd7 41. Bf8 Kc6 42. Nf4 Kb5 43. Nd5 Rc8 44. Be7 Rc1 45. Kf4 Re1 46. Nc7+ Kc6 47. Nxa6 Rxe7 48. Nc5 Re1 49. Nd3 Rh1 50. Kg3 Kd5 51. Nf4+ Ke5 52. Nd3+ Kf6 53. f4 Rd1 54. Ne5 Rb1 55. Nc6 Ke6 56. b5 Kd6 57. Nd4 Rb4 58. Nf3 Rxb5 59. Ng5 Rb7 60. Kh4 Kd5 61. Kg3 Ra7 62. h4 h6 63. Nh3 Ke4 64. Kg2 Ra3 0-1

[Event "VIE-ch"]
[Site "Ho Chi Minh City"]
[Date "2013.04.18"]
[Round "6"]
[White "Tran, Minh Thang"]
[Black "Nguyen, Hoang Nam"]
[Result "0-1"]
[WhiteElo "2086"]
[BlackElo "2305"]
[PlyCount "90"]
[EventDate "2013.04.15"]
[EventType "swiss"]
[EventRounds "7"]
[EventCountry "VIE"]
[SourceTitle "CBM 154 Extra"]
[Source "ChessBase"]
[SourceDate "2013.06.25"]
[SourceVersion "2"]
[SourceVersionDate "2013.06.25"]
[SourceQuality "1"]

1. d4 Nf6 2. Bg5 c5 3. d5 Qb6 4. Nc3 Qxb2 5. Bd2 Qb6 6. e4 d6 7. f4 e5 8. Bb5+ Bd7 9. fxe5 dxe5 10. Rb1 Bxb5 11. Rxb5 Qa6 12. a4 Nbd7 13. Nf3 Be7 14. 0-0 0-0 15. Kh1 Ne8 16. Be3 Nd6 17. Rb3 Rac8 18. Qb1 Rfe8 19. Nd2 b6 20. Nb5 Qxa4 21. Qb2 Nc4 22. Nxc4 Qxc4 23. Ra1 a5 24. Nc3 h6 25. Qc1 Rb8 26. Ra4 Qa6 27. Nb5 Rec8 28. c4 Bf8 29. Bxh6 Nf6 30. Rf3 Ne8 31. Qg5 Qb7 32. Qxe5 gxh6 33. Raa3 Qd7 34. Qh5 f6 35. Rh3 Rb7 36. Rag3+ Kh8 37. e5 Qh7 38. Rg6 fxe5 39. Qxe5+ Bg7 40. Qe6 Re7 41. Qxe7 Qxg6 42. Re3 Qf6 43. Re1 Qxe7 44. Rxe7 Ra8 45. d6 a4 0-1

[Event "VIE-ch"]
[Site "Ho Chi Minh City"]
[Date "2013.04.16"]
[Round "3"]
[White "Nguyen, Hoang Nam"]
[Black "Nguyen, Huynh Minh Huy"]
[Result "1/2-1/2"]
[WhiteElo "2305"]
[BlackElo "2462"]
[PlyCount "92"]
[EventDate "2013.04.15"]
[EventType "swiss"]
[EventRounds "7"]
[EventCountry "VIE"]
[SourceTitle "CBM 154 Extra"]
[Source "ChessBase"]
[SourceDate "2013.06.25"]
[SourceVersion "2"]
[SourceVersionDate "2013.06.25"]
[SourceQuality "1"]

1. e4 c5 2. Nf3 e6 3. d3 Nc6 4. g3 Nf6 5. Bg2 d5 6. Nbd2 Be7 7. 0-0 Qc7 8. Re1 b6 9. Qe2 Ba6 10. e5 Nd7 11. Nf1 h6 12. h4 Nf8 13. Bf4 Ng6 14. Bd2 h5 15. a3 Bb7 16. c3 a5 17. d4 Ba6 18. Qd1 Bd3 19. Bg5 c4 20. a4 f6 21. exf6 gxf6 22. Bc1 Kf7 23. Bh3 Nf8 24. Bf4 Bd6 25. Bxd6 Qxd6 26. Re3 Bg6 27. b3 cxb3 28. Qxb3 Ne7 29. Re2 Rc8 30. Ne3 Bd3 31. Rb2 Rc6 32. Rd1 Ba6 33. Bf1 Bxf1 34. Kxf1 Nd7 35. Rc1 Rhc8 36. Rbc2 Kg7 37. Nd2 f5 38. c4 f4 39. gxf4 Qxf4 40. cxd5 Rxc2 41. Rxc2 Rxc2 42. Qxc2 exd5 43. Qc3 Nf6 44. Ng2 Qg4 45. Nf3 Ne4 46. Qc7 Qxf3 1/2-1/2

[Event "VIE-ch"]
[Site "Ho Chi Minh City"]
[Date "2012.12.01"]
[Round "4"]
[White "Nguyen, Hoang Nam"]
[Black "Nguyen, Van Hai"]
[Result "1-0"]
[WhiteElo "2263"]
[BlackElo "2329"]
[PlyCount "143"]
[EventDate "2012.11.29"]
[EventType "swiss"]
[EventRounds "9"]
[EventCountry "VIE"]
[SourceTitle "CBM 151 Extra"]
[Source "ChessBase"]
[SourceDate "2012.12.18"]
[SourceVersion "1"]
[SourceVersionDate "2012.12.18"]
[SourceQuality "1"]

1. c4 Nf6 2. Nc3 e6 3. d4 Bb4 4. e3 0-0 5. Bd3 d5 6. Nf3 b6 7. 0-0 Bb7 8. cxd5 exd5 9. Bd2 Nbd7 10. Rc1 c6 11. Ne5 Nxe5 12. dxe5 Nd7 13. f4 Nc5 14. Bb1 Ba6 15. Rf3 Bd3 16. Rh3 g6 17. Nxd5 Qxd5 18. Bxb4 Bxb1 19. Qxd5 cxd5 20. Rxb1 Rfc8 21. Rd1 Ne4 22. Rf3 Rc2 23. Rxd5 Rxb2 24. Rd4 a5 25. Be1 Nc5 26. Rf2 Rb1 27. Kf1 Re8 28. Rfd2 Kf8 29. Rd1 Rb2 30. R4d2 Rxd2 31. Rxd2 f6 32. Rd6 fxe5 33. Rxb6 exf4 34. exf4 Re4 35. Bxa5 Rxf4+ 36. Ke2 Ke8 37. Rb4 Rf5 38. Bb6 Nd7 39. Bd4 Ke7 40. a4 Kd6 41. Kd3 Rf1 42. a5 Kd5 43. a6 Rd1+ 44. Ke3 Re1+ 45. Kd2 Re8 46. a7 Kc6 47. Ra4 Kb7 48. Kd3 Ka8 49. Ra5 Nf8 50. g3 Rd8 51. Re5 Nd7 52. Rd5 Kb7 53. Ke3 Re8+ 54. Kf4 Nf8 55. Kg5 Ne6+ 56. Kh6 Nxd4 57. Rxd4 Re7 58. Rd8 Kxa7 59. Rh8 Kb6 60. Rxh7 Re6 61. Rg7 Re2 62. h4 Kc6 63. Rxg6+ Kd7 64. Rf6 Ke7 65. Rf3 Re4 66. Kg5 Re5+ 67. Rf5 Re3 68. g4 Ra3 69. h5 Ke6 70. h6 Rh3 71. Kg6 Rh4 72. g5 1-0